000
00320 a2200157 4500
001
57221
020
_a
8526251961
040
_c
Anchieta - Pituba
100
_a
Carletti, Cristina
240
1
0
_a
Molecagem
_l
por
245
1
0
_a
Molecagem
300
_a
77
362
0
_a
2004
650
4
_a
Literatura juvenil
942
_c
BK
999
_c
57221
_d
57221